000 00950nmc a2200325 a 4500
003 AR-BaBNM
005 20251128211155.0
008 123020s2000 ||||||||||||||000 | spa||
020 _a84-493-0898-4
040 _cAR-BaBNM
100 1 _aBárcena Orbe, Fernando
245 1 0 _aLa educación como acontecimiento ético
_bnatalidad, narración y hospitalidad
250 _a1ª ed.
260 _aBarcelona
_bPaidós
_c2000
300 0 _a206 p.
490 0 _aPapeles de pedagogía
_vv. 46
504 _aContiene referencias bibliográficas a pie de página
504 _aContiene bibliografía general p. 199-206
600 1 4 _aArendt, Hannah
600 1 4 _aRicoeur, Paul
_d1913-2005
600 1 4 _aLevinas, Emmanuel
650 4 _aAPRENDIZAJE
650 4 _aFILOSOFIA DE LA EDUCACION
650 4 _aETICA
653 _aNARRATIVA
653 _aANALISIS DEL DISCURSO
700 1 _aMèlich, Joan-Carles
942 _cBK
998 _craquel
999 _c18572
_d18572